[Event "Marienske Lazne op 20th"]
[Site "Marianske Lazne"]
[Date "2022.01.16"]
[Round "2"]
[White "Schoeppe, Christian"]
[Black "Paseka, Matyas"]
[Result "0-1"]
[WhiteElo "1439"]
[BlackElo "2052"]
[PlyCount "100"]
[EventDate "2022.01.15"]
[EventType "swiss"]
[EventRounds "9"]
[EventCountry "CZE"]
[SourceTitle "CBM 206 Extra"]
[Source "ChessBase"]
[SourceDate "2022.03.31"]
[SourceVersion "1"]
[SourceVersionDate "2022.03.31"]
[SourceQuality "1"]

1. e4 c5 2. c3 d5 3. exd5 Qxd5 4. Nf3 Bg4 5. Be2 Nf6 6. d3 Nc6 7. Be3 e6 8. Nbd2 Be7 9. c4 Qd7 10. Qc2 Rd8 11. a3 0-0 12. 0-0 Qc7 13. h3 Bh5 14. Rfe1 Rd7 15. b4 cxb4 16. axb4 Nxb4 17. Qb3 a5 18. Bd4 Bg6 19. Be5 Qd8 20. d4 Nc2 21. c5 Nxe1 22. Rxe1 b6 23. Bb5 bxc5 24. Bxd7 Nxd7 25. dxc5 Nxc5 26. Qa2 Nd3 27. Rd1 Nxe5 28. Nxe5 Be4 29. Qa4 Bd5 30. Nd7 Re8 31. Nb6 Bb4 32. Ndc4 Bc6 33. Rxd8 Bxa4 34. Rd3 Bb5 35. Kf1 Rc8 36. Ke2 Bxc4 37. Nxc4 Rxc4 38. Rd8+ Bf8 39. Kd3 Rc5 40. Ra8 g6 41. Kd4 Rd5+ 42. Kc3 Kg7 43. g4 Bb4+ 44. Kc4 Rc5+ 45. Kd4 Rc3 46. h4 Rh3 47. h5 gxh5 48. gxh5 Rxh5 49. f4 Rd5+ 50. Kc4 Rf5 0-1

[Event "Prague op-B 19th"]
[Site "Prague"]
[Date "2020.01.11"]
[Round "3"]
[White "Lansky, Petr"]
[Black "Schoeppe, Christian"]
[Result "1-0"]
[WhiteElo "1643"]
[BlackElo "1490"]
[PlyCount "39"]
[EventDate "2020.01.10"]
[EventType "swiss"]
[EventRounds "9"]
[EventCountry "CZE"]
[SourceTitle "CBM 195 Extra"]
[Source "ChessBase"]
[SourceDate "2020.05.31"]
[SourceVersion "1"]
[SourceVersionDate "2020.05.31"]
[SourceQuality "1"]

1. e4 e5 2. Nc3 c6 3. f4 exf4 4. Nf3 d5 5. exd5 Bg4 6. d4 Bxf3 7. Qxf3 Qh4+ 8. g3 fxg3 9. hxg3 Qxd4 10. Rh4 Qb6 11. Re4+ Kd8 12. Qxf7 Nf6 13. Bg5 Nbd7 14. 0-0-0 Bd6 15. Bh3 Kc7 16. dxc6 Qxc6 17. Rc4 Bc5 18. Bxf6 gxf6 19. Rxd7+ Kb6 20. Na4+ 1-0

[Event "Prague op-B 18th"]
[Site "Prague"]
[Date "2019.01.16"]
[Round "7"]
[White "Netra, P Savaikar"]
[Black "Schoeppe, Christian"]
[Result "1/2-1/2"]
[WhiteElo "1247"]
[BlackElo "1544"]
[PlyCount "46"]
[EventDate "2019.01.11"]
[EventType "swiss"]
[EventRounds "9"]
[EventCountry "CZE"]
[SourceTitle "CBM 188 Extra"]
[Source "ChessBase"]
[SourceDate "2019.02.26"]
[SourceVersion "1"]
[SourceVersionDate "2019.02.26"]
[SourceQuality "1"]

1. e4 e5 2. d4 exd4 3. c3 c5 4. cxd4 cxd4 5. Qxd4 Nc6 6. Qd1 Bc5 7. Nc3 Qf6 8. Nf3 Ne5 9. Be2 Ne7 10. 0-0 0-0 11. Qc2 d6 12. Nxe5 Qxe5 13. b3 Nc6 14. Bb2 Nd4 15. Qd2 Bb4 16. Rac1 Bd7 17. Rfd1 Nxe2+ 18. Qxe2 Qg5 19. Nd5 Bc5 20. Rc3 Bg4 21. Rg3 f5 22. Qc4 Kh8 23. h3 Rac8 1/2-1/2

[Event "Brno op 7th"]
[Site "Brno"]
[Date "2017.11.11"]
[Round "1"]
[White "Dudek, Vojtech"]
[Black "Schoeppe, Christian"]
[Result "1-0"]
[WhiteElo "1867"]
[BlackElo "1486"]
[PlyCount "35"]
[EventDate "2017.11.11"]
[EventType "swiss"]
[EventRounds "9"]
[EventCountry "CZE"]
[SourceTitle "CBM 181 Extra"]
[Source "ChessBase"]
[SourceDate "2017.12.12"]
[SourceVersion "1"]
[SourceVersionDate "2017.12.12"]
[SourceQuality "1"]

1. e4 e5 2. Nc3 c6 3. d4 Bd6 4. Nf3 Qe7 5. dxe5 Bxe5 6. Nxe5 Qxe5 7. Be3 Qe7 8. Qd4 f6 9. 0-0-0 b5 10. Bf4 Na6 11. Bxb5 Bb7 12. Bd6 Qd8 13. Bc4 Ne7 14. e5 Nf5 15. Qg4 Nxd6 16. Qxg7 Nxc4 17. exf6 Ne5 18. f7+ 1-0

[Event "Prague op-B 14th"]
[Site "Prague"]
[Date "2015.01.12"]
[Round "5"]
[White "Schoeppe, Christian"]
[Black "Istel, Oldrich"]
[Result "1/2-1/2"]
[WhiteElo "1626"]
[BlackElo "1724"]
[PlyCount "62"]
[EventDate "2015.01.09"]
[EventType "swiss"]
[EventRounds "9"]
[EventCountry "CZE"]
[SourceTitle "CBM 164 Extra"]
[Source "ChessBase"]
[SourceDate "2015.03.02"]
[SourceVersion "1"]
[SourceVersionDate "2015.03.02"]
[SourceQuality "1"]

1. Nf3 d5 2. c3 Nf6 3. g3 g6 4. d3 c5 5. Bg2 Nc6 6. 0-0 Bg7 7. a4 e5 8. Bg5 0-0 9. Qc2 Qc7 10. d4 Ne4 11. Be3 Qe7 12. dxc5 Bf5 13. Nh4 Nxg3 14. Nxf5 Nxf5 15. Qc1 d4 16. cxd4 Ncxd4 17. Bxd4 Nxd4 18. Qc4 Rac8 19. b4 e4 20. Ra2 Kh8 21. Nd2 f5 22. e3 Nc6 23. Qb3 Ne5 24. Rc2 Rfd8 25. Nc4 Rd3 26. Qa2 Nxc4 27. Qxc4 Rcd8 28. b5 Rd1 29. c6 Rxf1+ 30. Kxf1 bxc6 31. bxc6 Be5 1/2-1/2

[Event "Brno op 5th"]
[Site "Brno"]
[Date "2014.11.16"]
[Round "2"]
[White "Hrdlicka, Vladan"]
[Black "Schoeppe, Christian"]
[Result "0-1"]
[WhiteElo "1797"]
[BlackElo "1640"]
[PlyCount "110"]
[EventDate "2014.11.15"]
[EventType "swiss"]
[EventRounds "9"]
[EventCountry "CZE"]
[SourceTitle "CBM 163 Extra"]
[Source "ChessBase"]
[SourceDate "2014.12.23"]
[SourceVersion "1"]
[SourceVersionDate "2014.12.23"]
[SourceQuality "1"]

1. e4 g6 2. d4 Bg7 3. Nf3 d6 4. Nc3 c6 5. Be2 Nf6 6. 0-0 Nbd7 7. Be3 0-0 8. h3 Re8 9. e5 Nd5 10. Nxd5 cxd5 11. e6 fxe6 12. c4 Nb6 13. c5 dxc5 14. dxc5 Nd7 15. Ng5 Nf6 16. Bd4 Qc7 17. Nf3 Rf8 18. Rc1 Bd7 19. b4 a6 20. Be5 Qd8 21. Qd4 Bh6 22. Rc2 Ba4 23. Rb2 Nd7 24. Qg4 Rf5 25. Bc3 e5 26. Nh4 Nf6 27. Qg3 Ne4 28. Qg4 Nf6 29. Qg3 Bf4 30. Qd3 e4 31. Qb1 Rg5 32. Bd4 e5 33. Be3 d4 34. Bc4+ Kg7 35. Bxf4 exf4 36. Qc1 Qc7 37. Re1 Rh5 38. Rxe4 Nxe4 39. Nf3 Rd8 40. Re2 Bc6 41. Bd3 Nc3 42. Re6 Bxf3 43. gxf3 Re5 44. Rb6 Qe7 45. Kh2 Rf8 46. Qc2 Rf6 47. a4 Rxb6 48. cxb6 Re1 49. Qd2 Rd1 50. Qxf4 Rxd3 51. Qc7 Nd5 52. Qc4 Qe5+ 53. Kg2 Rc3 54. Qa2 Nf4+ 55. Kg3 Qg5+ 0-1

[Event "Teplice op 8th"]
[Site "Teplice"]
[Date "2013.06.21"]
[Round "7"]
[White "Zmeskal, Stanislav"]
[Black "Schoeppe, Christian"]
[Result "1-0"]
[WhiteElo "1729"]
[BlackElo "1645"]
[PlyCount "98"]
[EventDate "2013.06.15"]
[EventType "swiss"]
[EventRounds "9"]
[EventCountry "CZE"]
[SourceTitle "CBM 155 Extra"]
[Source "ChessBase"]
[SourceDate "2013.08.26"]
[SourceVersion "1"]
[SourceVersionDate "2013.08.26"]
[SourceQuality "1"]

1. e4 c6 2. d4 d5 3. e5 Bf5 4. Bd3 Qd7 5. Bxf5 Qxf5 6. Ne2 Na6 7. a3 h5 8. Be3 h4 9. Nbc3 e6 10. Qd2 Be7 11. 0-0-0 g5 12. g3 0-0-0 13. f4 g4 14. Bf2 h3 15. Na4 f6 16. Kb1 Rd7 17. Ka2 Kd8 18. Qa5+ Ke8 19. Rc1 Bd8 20. Qd2 b5 21. Nac3 Rb7 22. Nd1 Rhh7 23. Ne3 Qh5 24. exf6 Nxf6 25. Qd3 Ne4 26. Rhf1 c5 27. c3 c4 28. Qc2 Kf8 29. f5 Kg8 30. Nf4 Qe8 31. Nxe6 b4 32. Qd1 bxc3 33. Qxg4+ Kh8 34. Nxd5 Rxb2+ 35. Ka1 Nxf2 36. Rxf2 Rxf2 37. Nxc3 Bf6 38. Ne4 Bxd4+ 39. Nxd4 Rxh2 40. Nf6 Qf8 41. Rc3 Qxf6 42. Rxc4 Rh1+ 43. Kb2 Rb7+ 44. Kc2 Rh2+ 45. Kd3 Kh7 46. Rc6 Rg7 47. Qh5+ Kg8 48. Rc8+ Qf8 49. Rxf8+ Kxf8 1-0

[Event "Teplice op 8th"]
[Site "Teplice"]
[Date "2013.06.19"]
[Round "5"]
[White "Obrsal, Josef"]
[Black "Schoeppe, Christian"]
[Result "0-1"]
[WhiteElo "1525"]
[BlackElo "1645"]
[PlyCount "82"]
[EventDate "2013.06.15"]
[EventType "swiss"]
[EventRounds "9"]
[EventCountry "CZE"]
[SourceTitle "CBM 155 Extra"]
[Source "ChessBase"]
[SourceDate "2013.08.26"]
[SourceVersion "1"]
[SourceVersionDate "2013.08.26"]
[SourceQuality "1"]

1. c4 e5 2. Nc3 Nf6 3. d3 Bc5 4. e3 c6 5. a3 0-0 6. Nf3 Re8 7. Be2 d5 8. b4 Bb6 9. c5 Bc7 10. Bb2 Bg4 11. 0-0 Bxf3 12. Bxf3 Qd7 13. Qc2 Qf5 14. e4 Qg6 15. exd5 h5 16. d6 Bd8 17. Ne4 Nbd7 18. Qd1 h4 19. h3 Nd5 20. Bh5 Qh7 21. Ng5 Bxg5 22. Qf3 N5f6 23. Bg4 Rad8 24. Bf5 g6 25. Be4 Nxe4 26. Qxe4 Bf4 27. Qc4 Re6 28. b5 Qh5 29. bxc6 bxc6 30. Rad1 Qf5 31. d4 exd4 32. Bxd4 Re4 33. f3 Ree8 34. Qc3 Be5 35. Bxe5 Rxe5 36. Rc1 Rxc5 37. Qe3 Rxc1 38. Rxc1 c5 39. Qe7 Rc8 40. Qxh4 Qe6 41. Qg3 Qe3+ 0-1

[Event "Teplice op 8th"]
[Site "Teplice"]
[Date "2013.06.17"]
[Round "3"]
[White "Kaluzny, Jiri"]
[Black "Schoeppe, Christian"]
[Result "1-0"]
[WhiteElo "1809"]
[BlackElo "1645"]
[PlyCount "43"]
[EventDate "2013.06.15"]
[EventType "swiss"]
[EventRounds "9"]
[EventCountry "CZE"]
[SourceTitle "CBM 155 Extra"]
[Source "ChessBase"]
[SourceDate "2013.08.26"]
[SourceVersion "1"]
[SourceVersionDate "2013.08.26"]
[SourceQuality "1"]

1. e4 e5 2. Nf3 Nc6 3. Bc4 h6 4. 0-0 Nf6 5. d4 Bd6 6. dxe5 Nxe5 7. Nxe5 Bxe5 8. f4 Bd6 9. e5 Bc5+ 10. Kh1 Nh7 11. Bxf7+ Kf8 12. Bg6 Qe7 13. Nc3 c6 14. Ne4 Kg8 15. Qd3 Bb6 16. Nd6 Nf8 17. Bf7+ Qxf7 18. Nxf7 Kxf7 19. Be3 Bc7 20. Bc5 g6 21. f5 g5 22. e6+ 1-0

[Event "Prague op-B 12th"]
[Site "Prague"]
[Date "2013.??.??"]
[Round "1"]
[White "Schoeppe, Christian"]
[Black "Jeute, Peter"]
[Result "0-1"]
[WhiteElo "1677"]
[BlackElo "1954"]
[PlyCount "62"]
[EventDate "2013.01.09"]
[EventType "swiss"]
[EventRounds "9"]
[EventCountry "CZE"]
[SourceTitle "CBM 152 Extra"]
[Source "ChessBase"]
[SourceDate "2013.02.25"]
[SourceVersion "1"]
[SourceVersionDate "2013.02.25"]
[SourceQuality "1"]

1. Nf3 d5 2. d4 e6 3. g3 Nf6 4. Bg2 c5 5. c3 Nc6 6. 0-0 Be7 7. Re1 0-0 8. Bg5 Qb6 9. b3 h6 10. Bxf6 Bxf6 11. e3 Qa5 12. a3 Bd7 13. Ra2 Rfd8 14. Qc2 Rac8 15. b4 cxb4 16. axb4 Qb6 17. Qe2 a6 18. e4 dxe4 19. Qxe4 Ne7 20. Ne5 Bxe5 21. Qxe5 Bc6 22. Be4 Bxe4 23. Rxe4 Rd5 24. Qf4 Rf5 25. Qd2 Qc6 26. Qe2 Nd5 27. Rc2 Nxb4 28. Rb2 Nd5 29. g4 Rf4 30. Rxf4 Nxf4 31. Qf1 Qf3 0-1